| 000 | 00456nam a2200181Ia 4500 | ||
|---|---|---|---|
| 008 | 230524s9999 xx 000 0 und d | ||
| 020 | _a812390603x | ||
| 082 |
_a624.151 _bKRY |
||
| 100 | _aDimitri P. Krynine | ||
| 245 | 0 | _aPrinciples of Engineering Geology and Geotechnics | |
| 250 | _a1 | ||
| 260 |
_aNew Delhi _bCBS _c2005 |
||
| 300 | _a"xii,707p;" | ||
| 500 | _aQuantity Number: 2 | ||
| 650 | _aCivil | ||
| 700 | _aWilliam R.Judd | ||
| 942 | _cBK | ||
| 999 |
_c55325 _d55325 |
||